00353nam a2200145 a 4500008004100000050001500041100002500056245002700081250001200108260003200120300002100152350000900173650001200182650001300194120416s1958 ||||||||||||||||| || u aQH 430 Sin aSinnott, Edmund Ware10aPrinciples of genetics a5th ed. aNew YorkbMcGraw-Hillc1958 axiv, 459p. : ill a0.00 0aBIOLOGY 0aGENETICS